Enciclopedia del reloj de bolsillo : historia, catalogación, mecánica y detalles de la mayor selección de colecciones públicas, privadas y museos internacionales /
Libro conmemorativo del décimo aniversario de la Feria del Reloj, Sant Feliu de Codines, que incluye más de 500 fichas sobre relojes de bolsillo, donde se analiza su mecánica, su diseño, sus materiales, su arte y su historia; además, el autor, experto en historia y técnica relojera, ofrece informaci...
Shranjeno v:
| Glavni avtor: | |
|---|---|
| Format: | Knjiga |
| Jezik: | španščina |
| Izdano: |
Barcelona, España :
Amat,
2005, c2005
|
| Teme: | |
| Oznake: |
Brez oznak, prvi označite!
|
MARC
| LEADER | 00000nam^a2200000^a^4500 | ||
|---|---|---|---|
| 001 | 000181005 | ||
| 005 | 20250521000000.0 | ||
| 009 | 20260310101919.05 | ||
| 020 | |a 84-9735-189-4 | ||
| 037 | |a Acervo ITESO - Biblioteca | ||
| 041 | |a ESP | ||
| 082 | |a 681. 113 |b BAR | ||
| 100 | |a Barquero Cabrero, José Daniel |e (autor) | ||
| 245 | 1 | 0 | |a Enciclopedia del reloj de bolsillo : |b historia, catalogación, mecánica y detalles de la mayor selección de colecciones públicas, privadas y museos internacionales / |c J.D. Barquero Cabrero ; pról. de Luis Montañés, introd. de Jaume Xarrié ; pref. Joan Oliveras Bagués. |
| 264 | 4 | |a Barcelona, España : |b Amat, |c 2005, c2005 | |
| 300 | |a 580 p. | ||
| 336 | |a texto |b txt |2 rdacontenido | ||
| 337 | |a sin mediación |b n |2 rdamedio | ||
| 338 | |a volumen |b nc |2 rdasoporte | ||
| 520 | |a Libro conmemorativo del décimo aniversario de la Feria del Reloj, Sant Feliu de Codines, que incluye más de 500 fichas sobre relojes de bolsillo, donde se analiza su mecánica, su diseño, sus materiales, su arte y su historia; además, el autor, experto en historia y técnica relojera, ofrece información para catalogar piezas, valorar una colección y conocer los precios que circulan en el mercado. | ||
| 649 | |a XX | ||
| 650 | |a Relojes de Bolsillo - |x Enciclopedias y Diccionarios | ||
| 650 | |a Reloj - |x Historia | ||
| 650 | |a Reloj | ||
| 650 | |a Coleccionismo | ||
| 650 | |a Arte | ||
| 650 | |a Tiempo - |x Medición | ||
| 650 | |a Relojería - |x Enciclopedias y Diccionarios | ||
| 650 | |a Enciclopedias y Diccionarios | ||
| 910 | |a Fondo General | ||
| 920 | |a Impresos - Libros | ||
| 930 | |a Obras de Referencia | ||
| 905 | |a 102 | ||
| 901 | |a 0500120572 |b IT2 |c REF |u 20250521 | ||
| 902 | |a https://opac.biblio.iteso.mx/vufind/Record/000181005 | ||